00908cam a22002531 45000010005000000030008000050050017000130080039000300350018000690350019000870400043001060410008001490820024001571000053001812450068002342600046003023000035003485040050003836500031004336500031004649420012004959990015005079520132005228608BD-RjUL20211208234623.0140119s1951 nyua b 001 0 eng a(BD-RjUL)8653 a(OCoLC)1220063 aDLCcOYUdOCoLCdUkdBD-RjULdDLCbeng aeng04a530.8216bLAD 19601 aLanghaar, Henry L.q(Henry Louis),d1909-92681710aDimensional analysis and theory of models /cHenry L. langhaar. aNew York :bWiley,c1951 [printing 1960]. axi, 166 p. :billus. ;c24 cm. aIncludes Bibliographical reference and index. 0aPhysical measurements.936 0aEngineering models.926818 2ddccBK c8608d8608 00102ddc40708NFICaRUCLbRUCLcreadingd1962-12-12eZeitlingerl0o530.8 LAD 1960r2014-01-19 00:00:00tC-1w2014-01-19yBK